| 000 | 00802cam a22002773a 4500 | ||
|---|---|---|---|
| 001 | 32236 | ||
| 003 | PGUSA | ||
| 005 | 20140828083710.0 | ||
| 008 | 100503s2010||||xxu|||||s|||||000 | eng d | ||
| 040 |
_aPGUSA _beng |
||
| 042 | _adc | ||
| 050 | 4 | _aF590.3 | |
| 100 | 1 |
_aLaut, Agnes C., _d1871-1936 |
|
| 245 | 1 | 4 |
_aThe Story of the Trapper _h[electronic resource] / _cAgnes C. Laut |
| 260 |
_bProject Gutenberg, _c2010 |
||
| 506 | _aPublic domain in the USA. | ||
| 516 | _aElectronic text | ||
| 653 | _aTrapping | ||
| 653 | _aFur trade -- North America | ||
| 653 | _aNorthwest, Canadian -- History | ||
| 653 | _aNorthwestern States -- History | ||
| 700 | 1 |
_aHeming, Arthur, _d1871-1940 |
|
| 830 | 0 |
_aProject Gutenberg _v32236 |
|
| 856 | 4 | 0 | _uhttp://www.gutenberg.org/ebooks/32236 |
| 942 | _cEB | ||
| 999 |
_c261491 _d261491 |
||